Manual de evaluación educativa

Guardat en:
Dades bibliogràfiques
Autor principal: Casanova Rodríguez, María Antonia (Autor)
Format: Llibre
Idioma:espanyol
Publicat: Madrid La Muralla 1999
Edició:5a. ed
Col·lecció:Colección Aula Abierta
Matèries:
Etiquetes: Afegir etiqueta
Sense etiquetes, Sigues el primer a etiquetar aquest registre!

MARC

LEADER 00000nam a2200000 a 4500
001 UCP5527
003 CL-VaPUC
008 990927e19990000SP |||||||||||||||||spa|d
020 |a 8971336421 
082 0 4 |a 371.26  |b CAS  |2 21 
100 |a Casanova Rodríguez, María Antonia  |e author  |9 337818 
245 1 0 |a Manual de evaluación educativa 
250 |a 5a. ed 
300 |a 252 p 
942 |c BK 
945 |d 19990927 00:00:00  |a vberengu 
260 |a Madrid  |b La Muralla  |c 1999 
650 0 |a Evaluación de la educación   |9 237505 
650 0 |a Investigación educacional   |9 261192 
650 0 |a Mediciones y pruebas educativas  |9 307479 
650 0 |a Metodología   |9 256610 
583 |a last modification  |c 19990927 00:00:00  |k Rodrigo Vera 
490 0 |a Colección Aula Abierta 
999 |c 283267  |d 283265 
952 |0 0  |1 0  |4 0  |6 371_260000000000000_CAS_1999  |7 0  |8 F  |9 326198  |a BIBTEO  |b BIBTEO  |d 2019-11-20  |i 3542157  |o 371.26 CAS 1999  |p 3542157  |r 2025-01-17  |w 2019-11-20  |y BK_F  |k ICR 
952 |0 0  |1 0  |4 0  |6 371_260000000000000_CAS_1999  |7 0  |8 A  |9 326199  |a BIBEDU  |b BIBEDU  |d 2019-11-20  |i 4225007  |l 1  |o 371.26 CAS 1999  |p 4225007  |r 2022-11-16  |s 2022-11-16  |w 2019-11-20  |y BK  |k EDU